000 00646cab a2200241 4500
001 WB3216-04
008 090401t1996 xxu||||| |||| 00| 0 eng d
035 _a(Sirsi) u73800
041 _aeng
245 _aLaing wins Superdome deal
260 _c1996
350 _a0
490 _aDaily Telegraph
_v20 April 1996, B.3(1)
520 _aJohn Laing has won a £200m deal to build the National Superdome in Bradford.
650 _aBRADFORD
650 _aJOHN LAING
650 _aNATIONAL SUPERDOME
650 _aSPORTS STADIA
690 _aBUILT ENVIRONMENT
690 _aLEISURE AND RECREATION
942 _n0
948 _c04/03/1997
999 _c46584
_d46584